| 000 | 00538nam a2200193 a 4500 | ||
|---|---|---|---|
| 001 | 2450 | ||
| 003 | CDMR | ||
| 005 | 20131104135303.0 | ||
| 008 | 130130s1989||||||||||||||||||||||||||||d | ||
| 020 | _a847683103X | ||
| 040 |
_aCDMR _bcat _cCDMR |
||
| 100 | 1 |
_aSagrera, Martín _91587 |
|
| 245 | 1 | 4 |
_aLas mil Españas _b: artículos y cartas al país _cMartín Sagrera |
| 260 |
_aMadrid _c1989 _bEdiciones H-F |
||
| 300 | _a702 p. | ||
| 650 | 0 | 4 |
_94252 _aArticles de diaris _vRecull d'escrits |
| 650 | 0 | 4 |
_92742 _aPremsa _zEspanya |
| 942 |
_cMON _2udc |
||
| 999 |
_c2450 _d2450 |
||